10 größte Städte Malaysia - Statistiken

Allgemein
  • Dieses Quiz wurde 11 mal gespielt
  • Das Durchschnittsergebnis liegt bei 4 aus 10
Antwortstatistiken
Einwohner Antwort % Korrekt
8.088.000 Kuala Lumpur
100%
1.610.000 George Town
67%
1.994.000 Johor Bahru
67%
687.000 Kota Kinabalu
56%
845.000 Ipoh
44%
597.000 Malakka
33%
558.000 Kuching
22%
647.000 Seremban
11%
478.000 Sungai Petani
11%
510.000 Kota Bharu
0%
Keine übereinstimmenden Quizze gefunden
Verteilung der Resultate
Anzahl Personen mit jedem Resultat
Perzentil nach korrekt beantworteten Fragen
Ihre Resultats-Entwicklung
Sie haben dieses Quiz noch nicht gespielt